[Event "Torneo del Quarantennale B"]
[Site "Cirie' ITA"]
[Date "2013.04.30"]
[Round "5"]
[White "Bullita, Simone"]
[Black "Nastro, Federico"]
[WhiteElo "1721"]
[BlackElo "1778"]
[Result "0-1"]
[PlyCount "78"]
[EventDate "2013.04.27"]

1. d4 Nf6 2. Nf3 c5 3. e3 e6 4. Bd3 d5 5. c3 Nc6 6.
Nbd2 Bd6 7. O-O O-O 8. dxc5 Bxc5 9. e4 Qc7 10. Qe2 h6 11. h3 Nh5 12. Nb3 Ng3
13. Qc2 dxe4 14. Bxe4 Nxe4 15. Qxe4 Bd6 16. Nbd4 Nxd4 17. Nxd4 a6 18. Qg4 Kh8
19. Qh4 Be7 20. Qe4 Bd6 21. Qh4 Kh7 22. Qe4+ f5 23. Qc2 e5 24. Ne2 Kh8 25. Ng3
e4 26. Ne2 Bd7 27. g3 Bb5 28. Bf4 Bxf4 29. Nxf4 Qf7 30. Rfd1 g5 31. Ne2 Bd3 32.
Qd2 Qh5 33. Nc1 Rad8 34. Nxd3 Rxd3 35. Qe1 Rfd8 36. Rxd3 Rxd3 37. Kg2 Qf3+ 38.
Kh2 e3 39. Rc1 Rd2 0-1

[Event "Torneo del Quarantennale B"]
[Site "Cirie' ITA"]
[Date "2013.04.30"]
[Round "5"]
[White "Doromeychuk, Anton"]
[Black "Risso, Alessandro"]
[WhiteElo "1779"]
[BlackElo "1527"]
[Result "1-0"]
[PlyCount "63"]
[EventDate "2013.04.27"]

1. d4 Nf6 2. c4 c5 3. d5 b5 4. cxb5 a6 5. Nc3 axb5
6. e4 Qa5 7. Bd2 b4 8. e5 bxc3 9. Bxc3 Qb6 10. exf6 gxf6 11. Bc4 d6 12. Qe2 Ba6
13. Nf3 Bxc4 14. Qxc4 Qa6 15. Qe4 Nd7 16. Nd2 Rg8 17. f4 h5 18. Nc4 f5 19. Qe2
Bg7 20. O-O Bxc3 21. bxc3 Nf6 22. Rfe1 Ne4 23. Rab1 Rg4 24. Rb6 Qxa2 25. Rb8+
Rxb8 26. Qxa2 Rxf4 27. g3 Rf3 28. Qa7 Rd8 29. Ne3 e6 30. dxe6 fxe6 31. Qh7 Rd7
32. Qxh5+ 1-0

[Event "Torneo del Quarantennale B"]
[Site "Cirie' ITA"]
[Date "2013.04.30"]
[Round "5"]
[White "Gallo, Ivan"]
[Black "Fassero, Fabrizio"]
[WhiteElo "1732"]
[BlackElo "1662"]
[Result "1-0"]
[PlyCount "55"]
[EventDate "2013.04.27"]

1. e4 e6 2. d4 d5 3. exd5 exd5 4. c4 Bb4+ 5. Nc3
Qe7+ 6. Be3 Nf6 7. a3 Bxc3+ 8. bxc3 c6 9. h3 Bf5 10. Nf3 Ne4 11. Qb3 Be6 12.
cxd5 cxd5 13. Bb5+ Nc6 14. Ne5 Rc8 15. Nxc6 bxc6 16. Ba6 Rd8 17. O-O O-O 18.
Bf4 Nd6 19. Rfe1 Qf6 20. Bxd6 Rxd6 21. Qb7 Qg6 22. Re3 f5 23. Qxa7 f4 24. Bd3
Qg5 25. Re5 Bf5 26. Bxf5 Rxf5 27. Qb8+ Rd8 28. Rxf5 1-0

[Event "Torneo del Quarantennale B"]
[Site "Cirie' ITA"]
[Date "2013.04.30"]
[Round "5"]
[White "Gennaro, Isabella"]
[Black "Borghi, Dario"]
[WhiteElo "1680"]
[BlackElo "1747"]
[Result "1-0"]
[PlyCount "43"]
[EventDate "2013.04.27"]

1. e4 e5 2. Nf3 Nc6 3. Bb5 a6 4. Ba4 b5 5. Bb3 Nf6
6. O-O Be7 7. Re1 d6 8. h3 Bb7 9. c3 O-O 10. d3 h6 11. Nbd2 Re8 12. Nf1 Bf8 13.
Ng3 Ne7 14. Be3 c5 15. Bxc5 dxc5 16. Nxe5 c4 17. dxc4 Qxd1 18. Raxd1 Nc8 19.
Nxf7 Kxf7 20. cxb5+ Kg6 21. e5 Nh5 22. Nxh5 1-0

[Event "Torneo del Quarantennale B"]
[Site "Cirie' ITA"]
[Date "2013.04.30"]
[Round "5"]
[White "Listello, Massimiliano"]
[Black "Lo Curto, Andrea"]
[WhiteElo "1777"]
[BlackElo "1589"]
[Result "1-0"]
[PlyCount "55"]
[EventDate "2013.04.27"]

1. e4 e6 2. d4 d5 3. e5 c5 4. Nf3 Nc6 5. Bd3 Qb6 6.
O-O cxd4 7. a3 a5 8. Re1 Bc5 9. Nbd2 Nge7 10. Nb3 Bd7 11. h4 a4 12. Nxc5 Qxc5
13. b4 axb3 14. cxb3 h6 15. b4 Qc3 16. Rb1 Nd8 17. Bb2 Qc7 18. Rc1 Ndc6 19. b5
Rc8 20. bxc6 bxc6 21. Bxd4 Qa5 22. Bc5 Rb8 23. Nd4 Bc8 24. Bxe7 Bb7 25. Bb4 Qd8
26. Qg4 g6 27. Bxg6 fxg6 28. Qxe6+ 1-0

[Event "Torneo del Quarantennale B"]
[Site "Cirie' ITA"]
[Date "2013.04.30"]
[Round "5"]
[White "Macario, Marco"]
[Black "Pane, Gabriele"]
[WhiteElo "1842"]
[BlackElo "1631"]
[Result "1-0"]
[PlyCount "50"]
[EventDate "2013.04.27"]

1. e4 e6 2. d4 d5 3. Nd2 c5 4. exd5 Qxd5 5. dxc5
Bxc5 6. Ngf3 Nf6 7. Bc4 Qd6 8. O-O O-O 9. Nb3 Qxd1 10. Rxd1 Be7 11. Bf4 Nbd7
12. Bc7 Ne8 13. Bg3 Nb6 14. Bb5 a6 15. Bd3 f6 16. Nfd4 Kh8 17. Re1 e5 18. f4
Bb4 19. c3 Bxc3 20. bxc3 exd4 21. cxd4 Nd6 22. Rac1 Nd5 23. f5 Nxf5 24. Rxc8
Raxc8 25. Bxf5 Rc7 1-0

[Event "Torneo del Quarantennale B"]
[Site "Cirie' ITA"]
[Date "2013.04.30"]
[Round "5"]
[White "Parise, Mariano"]
[Black "Casarin, Renato"]
[WhiteElo "1640"]
[BlackElo "1698"]
[Result "1-0"]
[PlyCount "63"]
[EventDate "2013.04.27"]

1. e4 e6 2. d4 d5 3. Nd2 c5 4. Ngf3 Nc6 5. c3 cxd4
6. cxd4 dxe4 7. Nxe4 Nf6 8. Bd3 Be7 9. Be3 O-O 10. h3 Qa5+ 11. Qd2 Bb4 12. Nc3
Nd5 13. Rc1 Nxe3 14. fxe3 a6 15. O-O Bd6 16. Qc2 g6 17. a3 Qh5 18. Ne4 Be7 19.
b4 Qh6 20. Qf2 Bd7 21. h4 f5 22. Nc5 Bxc5 23. Rxc5 Rac8 24. d5 exd5 25. Rxd5
Be6 26. Rd6 Rfe8 (26... Rfd8 27. Rxe6 Rxd3) 27. Rxe6 Rxe6 28. Bc4 Rce8 29. Ng5
Nd8 30. Qa2 Kh8 31. Bxe6 Qxh4 32. Qb2+ 1-0

[Event "Torneo del Quarantennale B"]
[Site "Cirie' ITA"]
[Date "2013.04.30"]
[Round "5"]
[White "Trovero, Leo"]
[Black "Palma, Maria"]
[WhiteElo "1637"]
[BlackElo "1585"]
[Result "1-0"]
[PlyCount "111"]
[EventDate "2013.04.27"]

1. e4 e5 2. Nf3 Nc6 3. Bb5 Bc5 4. O-O Qf6 5. Nc3
Nge7 6. d3 h6 7. Na4 Bb6 8. Nxb6 axb6 9. c3 O-O 10. d4 exd4 11. cxd4 d6 12. h3
Ng6 13. Re1 Nh4 14. Nxh4 Qxh4 15. d5 Nb4 16. Bd2 Na6 17. Bc3 f6 18. b4 Qg5 19.
Qf3 Qg6 20. Rac1 Qf7 21. Rc2 Bd7 22. Bxd7 Qxd7 23. Rec1 Rac8 24. Bd2 c5 25.
dxc6 bxc6 26. Qd3 Nb8 27. Bf4 Rfd8 28. Rd2 Qe6 29. Bxd6 Rd7 30. Qb3 Qxb3 31.
axb3 Rcd8 32. Rcd1 g5 33. Kf1 Kf7 34. Ke2 Re8 35. Bxb8 Rxd2+ 36. Rxd2 Rxb8 37.
Rc2 c5 38. bxc5 bxc5 39. Rc3 Ke6 40. Kd3 Kd6 41. g3 Kc6 42. f4 gxf4 43. gxf4
Rd8+ 44. Ke3 Kb5 45. Kf3 Kb4 46. Re3 Rg8 47. e5 Rf8 48. e6 Kb5 49. e7 Re8 50.
Kg4 Kb4 51. Kf5 Rxe7 52. Rxe7 Kxb3 53. Rc7 c4 54. Kxf6 Kb4 55. Kg6 c3 56. f5
1-0

[Event "Torneo del Quarantennale B"]
[Site "Cirie' ITA"]
[Date "2013.04.30"]
[Round "5"]
[White "Villa, Alessandro"]
[Black "Pedoni, Lorenzo"]
[WhiteElo "1671"]
[BlackElo "1614"]
[Result "0-1"]
[PlyCount "98"]
[EventDate "2013.04.27"]

1. e4 c5 2. Nf3 Nc6 3. d4 cxd4 4. Nxd4 Nf6 5. Nc3 e5 6. Ndb5 d6 7. Bg5 a6 8.
Na3 b5 9. Nd5 Be7 10. Bxf6 Bxf6 11. c3 Bg5 12. Nc2 O-O 13. a4 bxa4 14. Rxa4 a5
15. Bc4 Kh8 16. Nce3 Bxe3 17. Nxe3 Rb8 18. b3 f5 19. exf5 Bxf5 20. O-O Be4 21.
f3 Qg5 22. Qe2 Bg6 23. Rd1 e4 24. fxe4 Ne5 25. Nf5 Bh5 26. g4 Bxg4 27. Qg2 Bxd1
28. Qxg5 Nf3+ 29. Kf2 Nxg5 30. Ke3 Bxb3 31. Rxa5 Bxc4 32. Nxd6 Nxe4 33. Kxe4
Bg8 34. c4 Rb4 35. Rc5 Rd8 36. Ke5 Rxd6 37. Kxd6 Rxc4 38. Re5 Rh4 39. Re2 h6
40. Ke7 Bd5 41. Rf2 Kh7 42. Kf8 g5 43. Rd2 Be6 44. Re2 Bh3 45. Kf7 Rf4+ 46. Ke8
Kg6 47. Kd8 Kh5 48. Kc7 Rg4 49. Re3 Kh4 0-1

[Event "Torneo del Quarantennale B"]
[Site "Cirie' ITA"]
[Date "2013.05.01"]
[Round "6"]
[White "Borghi, Dario"]
[Black "Bullita, Simone"]
[WhiteElo "1747"]
[BlackElo "1721"]
[Result "1/2-1/2"]
[PlyCount "100"]
[EventDate "2013.04.27"]

1. c4 e6 2. Nf3 Nf6 3. g3 d5 4. b3 dxc4 5. bxc4 b6 6. Bg2 Bb7 7. Bb2 Bd6 8. Qc2
Nbd7 9. Nc3 a6 10. d3 Ne5 11. e4 Nxf3+ 12. Bxf3 Nd7 13. Rd1 Ne5 14. Bg2 c5 15.
Ne2 O-O 16. Qc3 f6 17. O-O Nc6 18. f4 g6 19. Bh3 Qe7 20. Qb3 Bc7 21. Bc3 e5 22.
f5 g5 23. g4 Nd4 24. Nxd4 cxd4 25. Bb4 Qg7 26. Bxf8 Kxf8 27. Rc1 Bc6 28. c5 b5
29. Qe6 Bd7 30. Qd5 Rd8 31. c6 Bc8 32. Qc5+ Ke8 33. Qa7 h5 34. Rf3 h4 35. Bg2
Qe7 36. Qc5 Qxc5 37. Rxc5 Bd6 38. Rd5 Bb4 39. h3 Rxd5 40. exd5 Ke7 41. Rf2 Bc3
42. Rc2 Kd6 43. Kf1 a5 44. Ke2 b4 45. Kd1 Ba6 46. Be4 a4 47. Kc1 a3 48. Kd1 Bb5
49. Kc1 Ba4 50. Rg2 Bb5 1/2-1/2

[Event "Torneo del Quarantennale B"]
[Site "Cirie' ITA"]
[Date "2013.05.01"]
[Round "6"]
[White "Casarin, Renato"]
[Black "Pane, Gabriele"]
[WhiteElo "1698"]
[BlackElo "1631"]
[Result "0-1"]
[PlyCount "120"]
[EventDate "2013.04.27"]

1. d4 e6 2. c4 Nf6 3. Nc3 Bb4 4. e3 c5 5. Qb3 Nc6 6. Bd3 b6 7. a3 Bxc3+ 8. Qxc3
d6 9. Nf3 Qe7 10. O-O O-O 11. e4 cxd4 12. Nxd4 Ne5 13. Bg5 Nxd3 14. Qxd3 Bb7
15. Rfe1 Rfd8 16. Rad1 h6 17. Bxf6 Qxf6 18. Qf3 Qxf3 19. Nxf3 Rac8 20. Rc1 Rc7
21. Nd2 Rdc8 22. b3 b5 23. Rc3 d5 24. exd5 exd5 25. Rec1 dxc4 26. bxc4 bxc4 27.
f3 Ba6 28. Kf2 f5 29. g3 Kf7 30. Nf1 Rb8 31. Ne3 Ke6 32. h3 h5 33. Ke2 Rb3 34.
Kd2 Rd7+ 35. Ke2 Rd3 36. Rxd3 Rxd3 37. Nc2 c3 38. Kf2 Bc4 39. f4 a5 40. Re1+
Kd6 41. Ne3 Rd2+ 42. Kg1 Bd3 43. Rc1 c2 44. Kh1 Kc5 45. Kg1 Kd4 46. Nxc2+ Bxc2
47. Kf1 Rd1+ 48. Rxd1+ Bxd1 49. Ke1 Bb3 50. Kd2 a4 51. Ke2 Kc3 52. Ke3 Bc4 53.
Kf3 Kb3 54. Ke3 Kxa3 55. Kd4 Bf1 56. h4 Kb2 57. Ke5 Bh3 58. Ke6 a3 59. Kf7 a2
60. Kxg7 a1=Q 0-1

[Event "Torneo del Quarantennale B"]
[Site "Cirie' ITA"]
[Date "2013.05.01"]
[Round "6"]
[White "Gallo, Ivan"]
[Black "Macario, Marco"]
[WhiteElo "1732"]
[BlackElo "1842"]
[Result "1-0"]
[PlyCount "69"]
[EventDate "2013.04.27"]

1. e4 c5 2. Nf3 e6 3. c3 Nf6 4. d3 Nc6 5. Bf4 Be7 6.
Be2 b6 7. Na3 O-O 8. O-O Bb7 9. Re1 d6 10. Bf1 e5 11. Bg3 Qd7 12. Nc2 a6 13.
Ne3 g6 14. Nc4 Qd8 15. d4 cxd4 16. cxd4 exd4 17. Nxd4 b5 18. Nxc6 Bxc6 19. Nxd6
Qb6 20. e5 Nh5 21. Qb3 Bxd6 22. exd6 Nxg3 23. hxg3 Rad8 24. Rad1 Bd7 25. Qe3
Qc6 26. Qc3 Qa8 27. Be2 Rc8 28. Qf6 Rfe8 29. Bf3 Rxe1+ 30. Rxe1 Qb8 31. Bd5 Rf8
32. Re7 Be8 33. d7 Qd8 34. dxe8=N Qxd5 35. Qg7# 1-0

[Event "Torneo del Quarantennale B"]
[Site "Cirie' ITA"]
[Date "2013.05.01"]
[Round "6"]
[White "Lo Curto, Andrea"]
[Black "Fassero, Fabrizio"]
[WhiteElo "1589"]
[BlackElo "1662"]
[Result "1/2-1/2"]
[PlyCount "141"]
[EventDate "2013.04.27"]

1. e4 e6 2. Nf3 d5 3. exd5 exd5 4. d4 Bd6 5. c4 Nf6 6. Nc3 Be6 7. Qb3 dxc4 8.
Bxc4 Bxc4 9. Qxc4 O-O 10. O-O Nbd7 11. Bg5 c6 12. Ne4 Be7 13. Bxf6 Nxf6 14.
Nxf6+ Bxf6 15. Rfe1 Qb6 16. b4 Rad8 17. Rad1 Rd5 18. Rd3 Rfd8 19. a4 a5 20.
bxa5 Qa7 21. g3 g6 22. Red1 Qxa5 23. Nd2 Ra8 24. Ne4 Bg7 25. Nc3 Rd7 26. f4
Rad8 27. Kf2 Qf5 28. R3d2 c5 29. Ne2 g5 30. Kf3 gxf4 31. gxf4 Qh3+ 32. Ng3 Rxd4
33. Rxd4 Rxd4 34. Rxd4 Bxd4 35. Qe2 Qd7 36. Qb5 Qd5+ 37. Kg4 Kf8 38. Qb1 Qd7+
39. Qf5 Qxf5+ 40. Nxf5 Bg1 41. h3 c4 42. Kf3 Bh2 43. Nd4 Ke7 44. Ne2 Kd6 45.
Kg2 Bxf4 46. Nxf4 Ke5 47. Ne2 Ke4 48. Kf2 Kd3 49. Ke1 c3 50. a5 f5 51. h4 h6
52. h5 c2 53. Nc1+ Ke3 54. Kf1 Kd2 55. Na2 c1=Q+ 56. Nxc1 Kxc1 57. Ke2 Kc2 58.
Kf3 Kb3 59. Kf4 Ka4 60. Kxf5 Kxa5 61. Kg6 b5 62. Kxh6 b4 63. Kg7 b3 64. h6 b2
65. h7 b1=Q 66. h8=Q Qg1+ 67. Kf7 Qa7+ 68. Ke6 Qb6+ 69. Kf5 Qf2+ 70. Ke4 Qe2+
71. Kd5 1/2-1/2

[Event "Torneo del Quarantennale B"]
[Site "Cirie' ITA"]
[Date "2013.05.01"]
[Round "6"]
[White "Nastro, Federico"]
[Black "Doromeychuk, Anton"]
[WhiteElo "1778"]
[BlackElo "1779"]
[Result "1/2-1/2"]
[PlyCount "112"]
[EventDate "2013.04.27"]

1. e4 d6 2. d4 Nf6 3. Nc3 g6 4. f4 Bg7 5. Nf3 O-O 6.
e5 Nfd7 7. h4 c5 8. h5 cxd4 9. hxg6 hxg6 10. Qxd4 Nc6 11. Qf2 e6 12. exd6 Nf6
13. Qc5 a5 14. Bd2 Nb4 15. O-O-O b6 16. Qc7 Nfd5 17. Qxd8 Rxd8 18. Nxd5 exd5
19. Bxb4 axb4 20. Rxd5 Rxa2 21. Ne5 Bb7 22. Rd4 Ra1+ 23. Kd2 Ba6 24. Bxa6 Rxh1
25. Nc6 Bxd4 26. Nxd8 Kf8 27. Nc6 Bf6 28. d7 Ra1 29. Bb7 Rg1 30. d8=Q+ Bxd8 31.
Nxd8 Ke8 32. Nc6 Rxg2+ 33. Kd3 Rf2 34. Nxb4 Rxf4 35. Nd5 Rf3+ 36. Ke2 Rh3 37.
Nxb6 f5 38. Bc6+ Kf7 39. Nd5 Rh2+ 40. Kd3 g5 41. b4 g4 42. b5 Rh3+ 43. Ke2 Rh2+
44. Kd3 Ke6 45. Ne3 g3 46. Ng2 Ke5 47. Ke3 Rh8 48. c4 Rc8 49. Bd5 Rb8 50. Bc6
Kd6 51. Kf4 Kc5 52. Ne3 Kd4 53. Kf3 g2 54. Nxg2 Kxc4 55. Ne3+ Kc5 56. Nxf5 Rxb5
1/2-1/2

[Event "Torneo del Quarantennale B"]
[Site "Cirie' ITA"]
[Date "2013.05.01"]
[Round "6"]
[White "Pedoni, Lorenzo"]
[Black "Gennaro, Isabella"]
[WhiteElo "1614"]
[BlackElo "1680"]
[Result "0-1"]
[PlyCount "72"]
[EventDate "2013.04.27"]

1. e4 c5 2. Nf3 Nc6 3. d4 cxd4 4. Nxd4 Nf6 5. Nc3 e5 6. Ndb5 d6 7. Bg5 a6 8.
Na3 b5 9. Bxf6 gxf6 10. Nd5 f5 11. exf5 Bxf5 12. c3 Bg7 13. Qf3 Bd7 14. Bd3 O-O
15. Be4 Rc8 16. g4 b4 17. Nxb4 Nxb4 18. cxb4 Qg5 19. Bf5 e4 20. Qb3 Bxf5 21.
gxf5 Rc1+ 22. Rxc1 Qxc1+ 23. Qd1 Qxb2 24. Rg1 Qxa3 25. f6 Qc3+ 26. Kf1 Qxf6 27.
Qg4 e3 28. f4 Kh8 29. Qg5 Qa1+ 30. Ke2 Qb2+ 31. Kf3 Qf2+ 32. Ke4 Re8+ 33. Kd5
Qxa2+ 34. Kc6 Qa4+ 35. Kc7 Qc2+ 36. Kd7 Qc8+ 0-1

[Event "Torneo del Quarantennale B"]
[Site "Cirie' ITA"]
[Date "2013.05.01"]
[Round "6"]
[White "Risso, Alessandro"]
[Black "Trovero, Leo"]
[WhiteElo "1527"]
[BlackElo "1637"]
[Result "1/2-1/2"]
[PlyCount "69"]
[EventDate "2013.04.27"]

1. e4 c5 2. d4 cxd4 3. c3 dxc3 4. Nxc3 e6 5. Bc4 a6 6. Nf3 b5 7. Bb3 Bb7 8. Qe2
d6 9. O-O Nd7 10. Rd1 Ngf6 11. Bg5 b4 12. Na4 Bxe4 13. Bxf6 Nxf6 14. Ng5 Bf5
15. Qc4 Rc8 16. Qxa6 d5 17. Nb6 Rc7 18. Ba4+ Ke7 19. Qb5 Qd6 20. Rac1 Kd8 21.
Nxf7+ Rxf7 22. Rc8+ Ke7 23. Rdc1 Ng4 24. R1c7+ Kf6 25. Rxf7+ Kxf7 26. Qe8+ Kf6
27. Nd7+ Kg5 28. g3 g6 29. Qd8+ Kh6 30. h3 Ne5 31. Qh4+ Kg7 32. Qf6+ Kh6 33.
Qh4+ Kg7 34. Qf6+ Kh6 35. Qh4+ 1/2-1/2

[Event "Torneo del Quarantennale B"]
[Site "Cirie' ITA"]
[Date "2013.05.01"]
[Round "6"]
[White "Villa, Alessandro"]
[Black "Listello, Massimiliano"]
[WhiteElo "1671"]
[BlackElo "1777"]
[Result "1-0"]
[PlyCount "239"]
[EventDate "2013.04.27"]

1. e4 e6 2. d4 d5 3. e5 c5 4. c3 Qb6 5. Nf3 Nc6 6. a3 c4 7. Nbd2 f6 8. exf6
Nxf6 9. b4 Be7 10. g3 O-O 11. Bg2 a5 12. Bb2 Bd7 13. O-O Be8 14. Re1 Bf7 15.
Ng5 Nd8 16. Nxf7 Kxf7 17. Nf3 Nd7 18. Bh3 Kg8 19. Qe2 Rf6 20. Ng5 Nf8 21. Nf3
Nf7 22. Bg2 Bd6 23. Qd2 Ng6 24. Re2 axb4 25. axb4 Rxa1+ 26. Bxa1 Qc7 27. Bb2 h6
28. Bc1 Nd8 29. Qd1 Qd7 30. h4 Rf8 31. h5 Ne7 32. Nh4 Qc7 33. Qe1 Rf6 34. Bh3
Nf5 35. Bxf5 exf5 36. Re8+ Bf8 37. Qe5 Qd7 38. Qe1 Ne6 39. Ra8 f4 40. Kg2 Ng5
41. Bxf4 Rxf4 42. gxf4 Qg4+ 43. Kf1 Qh3+ 44. Kg1 Qg4+ 45. Kf1 Ne4 46. Ng2 Qf3
47. Kg1 Nf6 48. Qe6+ Kh7 49. Rxf8 Qxh5 50. Rxf6 gxf6 51. Qe7+ Kg8 52. Qe8+ Kg7
53. Qe7+ Kg8 54. Qxb7 Qd1+ 55. Kh2 Qh5+ 56. Kg3 Qg6+ 57. Kf3 Qh5+ 58. Ke3 Qh3+
59. f3 Qxg2 60. Qxd5+ Kg7 61. Qd7+ Kf8 62. Qc8+ Ke7 63. Qxc4 Qg1+ 64. Ke4 Qe1+
65. Kd5 Qe6+ 66. Kc5 Qd6+ 67. Kb5 Qxf4 68. Qe2+ Kf7 69. Kc5 Qc7+ 70. Kd5 Qb7+
71. Kc4 Qa6+ 72. b5 Qa4+ 73. Kc5 Qa3+ 74. Kc4 Qa4+ 75. Kd5 Qa8+ 76. Kc5 Qa3+
77. Kc4 Qa4+ 78. Kd5 Qa8+ 79. Kd6 Qa3+ 80. Kd7 Qa7+ 81. Kc6 Qa8+ 82. Kb6 Qd8+
83. Kc5 Qc7+ 84. Kb4 Qd6+ 85. Ka4 Qd5 86. Ka5 Qa8+ 87. Kb4 Qf8+ 88. Kb3 Qa8 89.
c4 Qa1 90. Qe4 Qd1+ 91. Kb4 Qd2+ 92. Kc5 Qa2 93. Qd5+ Ke7 94. Kc6 Qa8+ 95. Kc5
Qa3+ 96. Kb6 h5 97. Qxh5 Qd6+ 98. Ka5 Qa3+ 99. Kb6 Qd6+ 100. Kb7 Qd7+ 101. Ka6
Qc8+ 102. Kb6 Qe6+ 103. Ka5 Qe1+ 104. Ka6 Qe6+ 105. Ka5 Qe1+ 106. Ka4 Qa1+ 107.
Kb4 Qb2+ 108. Kc5 Qa3+ 109. Kd5 Qd6+ 110. Ke4 Qe6+ 111. Kd3 Qe1 112. Qh7+ Kf8
113. Qh6+ Kf7 114. Qe3 Qb1+ 115. Kc3 Qa1+ 116. Kb4 Qb2+ 117. Kc5 Qb1 118. Qe4
Qa2 119. Qd5+ Ke7 120. Kb6 1-0

[Event "Open Primavera"]
[Site "Provaglio d'Iseo ITA"]
[Date "2013.03.08"]
[Round "1"]
[White "Brugaletta, Giorgio"]
[Black "Bosio, Devis"]
[WhiteElo "1727"]
[BlackElo "1922"]
[Result "0-1"]
[PlyCount "92"]
[EventDate "2013.03.08"]

1. e4 c6 2. d4 d5 3. e5 c5 4. c3 Nc6 5. Nf3 Bg4 6. Be2 e6 7. O-O Qb6 8. Qb3
Qxb3 9. axb3 Bxf3 10. Bxf3 cxd4 11. cxd4 Nxd4 12. Be3 Nxf3+ 13. gxf3 a6 14. Nc3
Bb4 15. f4 Bxc3 16. bxc3 Ne7 17. Kg2 Rc8 18. Rac1 Nf5 19. b4 O-O 20. Bc5 Rfe8
21. Kf3 Rc6 22. Ra1 Rec8 23. Rfd1 h5 24. Rd3 g6 25. Ke2 Ra8 26. Bd4 Nxd4+ 27.
cxd4 Rc2+ 28. Rd2 Rac8 29. Rb1 R8c4 30. Rxc2 Rxc2+ 31. Ke3 Kf8 32. b5 a5 33. b6
Rc8 34. Kd3 Ke8 35. Rb5 Ra8 36. Kc3 a4 37. Kb2 a3+ 38. Ka2 Ra6 39. Rb3 Kd7 40.
Rxa3 Rxa3+ 41. Kxa3 Kc6 42. Kb4 Kxb6 43. h4 Ka6 44. Ka4 b5+ 45. Kb4 Kb6 46. f3
Ka6 0-1

[Event "Open Primavera"]
[Site "Provaglio d'Iseo ITA"]
[Date "2013.03.08"]
[Round "1"]
[White "Burimi, Ilir"]
[Black "Barucco, Mattia"]
[WhiteElo "1800"]
[BlackElo "2016"]
[Result "1/2-1/2"]
[PlyCount "59"]
[EventDate "2013.03.08"]

1. e4 e6 2. d4 d5 3. Nc3 Nf6 4. e5 Nfd7 5. f4 c5 6. Nf3 Nc6 7. Be3 a6 8. a4 Qb6
9. Qd2 cxd4 10. Nxd4 Bc5 11. O-O-O Qb4 12. Nb3 Bxe3 13. Qxe3 Rb8 14. Qg3 g6 15.
h4 b5 16. axb5 axb5 17. h5 Nc5 18. Nxc5 Qxc5 19. hxg6 fxg6 20. Bd3 Ne7 21. Rh3
b4 22. Nb1 Rb7 23. Rdh1 Nf5 24. Bxf5 gxf5 25. Qg6+ Rf7 26. Rxh7 Rhxh7 27. Rxh7
Qg1+ 28. Kd2 Qf2+ 29. Kd1 Qf1+ 30. Kd2 1/2-1/2

[Event "Open Primavera"]
[Site "Provaglio d'Iseo ITA"]
[Date "2013.03.08"]
[Round "1"]
[White "Caceffo, Daniele"]
[Black "Schaberg, Wolfgang"]
[WhiteElo "1449"]
[BlackElo "1839"]
[Result "0-1"]
[PlyCount "42"]
[EventDate "2013.03.08"]

1. e4 d6 2. d4 Nf6 3. Nc3 g6 4. Bg5 Bg7 5. Bc4 c6 6. Nge2 Qa5 7. Bd2 Qc7 8. O-O
b5 9. Bd3 Nbd7 10. f4 e5 11. d5 b4 12. dxc6 Qxc6 13. Nd5 Nxd5 14. exd5 Qxd5 15.
Bxb4 e4 16. Re1 O-O 17. Bxd6 exd3 18. Bxf8 Bb7 19. Kf2 Qxg2+ 20. Ke3 Qf3+ 21.
Kd2 dxe2 0-1

[Event "Open Primavera"]
[Site "Provaglio d'Iseo ITA"]
[Date "2013.03.08"]
[Round "1"]
[White "Cristiani, Cesare"]
[Black "Cattaneo, Ugo"]
[WhiteElo "2128"]
[BlackElo "1830"]
[Result "1/2-1/2"]
[PlyCount "86"]
[EventDate "2013.03.08"]

1. d4 d5 2. Bg5 Nf6 3. Bxf6 exf6 4. e3 Bf5 5. Nd2 Bd6 6. Ne2 Nc6 7. a3 O-O 8.
Ng3 Bg6 9. Nf3 h6 10. Bd3 Ne7 11. Nh4 Qd7 12. Nxg6 fxg6 13. O-O f5 14. f4 c6
15. Rf2 Rae8 16. Nf1 Kh8 17. h3 Ng8 18. Qd2 Nf6 19. Nh2 Ne4 20. Bxe4 Rxe4 21.
Nf3 Qe6 22. Ne5 g5 23. Raf1 gxf4 24. exf4 Kh7 25. c3 c5 26. Re2 cxd4 27. cxd4
Bc7 28. Rxe4 fxe4 29. g4 Bb6 30. Kg2 Rc8 31. f5 Qe7 32. f6 gxf6 33. Qf4 fxe5
34. Qf5+ Kg7 35. Qxc8 exd4 36. Qf5 e3 37. Qxd5 e2 38. Re1 Qe3 39. Qxb7+ Kf8 40.
Qc8+ Ke7 41. Qb7+ Kd8 42. Qd5+ Ke7 43. Qb7+ Kd8 1/2-1/2

[Event "Open Primavera"]
[Site "Provaglio d'Iseo ITA"]
[Date "2013.03.08"]
[Round "1"]
[White "Dieli, Alberto"]
[Black "Domenighini, Alessandro"]
[WhiteElo "1949"]
[BlackElo "1743"]
[Result "1-0"]
[PlyCount "81"]
[EventDate "2013.03.08"]

1. e4 c6 2. d4 g6 3. f4 Bg7 4. e5 d6 5. Nf3 dxe5 6. fxe5 Bg4 7. Bc4 Nh6 8. O-O
O-O 9. c3 Qb6 10. Kh1 Na6 11. h3 Bxf3 12. Qxf3 e6 13. b3 Nf5 14. Bf4 Nc7 15. g4
Ne7 16. Nd2 Ncd5 17. Bg5 Qc7 18. Ne4 Rad8 19. Rf2 b5 20. Bxd5 Rxd5 21. Bf6 Rd7
22. Raf1 Nd5 23. Bxg7 Kxg7 24. c4 bxc4 25. bxc4 Nb6 26. Nc5 Re7 27. Qd3 Nc8 28.
Rf6 Qd8 29. R1f4 Nb6 30. Qf1 Nd7 31. Ne4 Kg8 32. Qf2 Nxf6 33. exf6 Rb7 34. Qd2
Rb1+ 35. Kg2 Qb8 36. Rf2 Kh8 37. Qh6 Rg8 38. Ng5 Rg1+ 39. Kxg1 Qg3+ 40. Kf1
Qd3+ 41. Kg2 1-0

[Event "Open Primavera"]
[Site "Provaglio d'Iseo ITA"]
[Date "2013.03.08"]
[Round "1"]
[White "Frugoni, Giulio"]
[Black "Ghidinelli, Giorgio"]
[WhiteElo "1615"]
[BlackElo "1902"]
[Result "0-1"]
[PlyCount "88"]
[EventDate "2013.03.08"]

1. Nf3 d5 2. d4 Nc6 3. c4 Nf6 4. Nc3 h6 5. Bf4 g5 6. Be5 dxc4 7. Nb5 Nxe5 8.
Nxe5 c6 9. Nc3 Bg7 10. e4 O-O 11. Bxc4 e6 12. Bb3 Qa5 13. O-O Nd7 14. Ng4 Nf6
15. Nxf6+ Bxf6 16. e5 Be7 17. Qh5 Kg7 18. Ne4 f5 19. exf6+ Bxf6 20. Nc5 Bxd4
21. Nxe6+ Bxe6 22. Bxe6 Qd2 23. Rad1 Qf4 24. Rd3 Qf6 25. Bb3 c5 26. Bc2 Qd6 27.
Rf3 Rf6 28. Rxf6 Qxf6 29. Qe2 Rb8 30. Qe4 Kf8 31. Bb3 b6 32. Qd5 Kg7 33. Qd7+
Kh8 34. Bc2 Qg7 35. Qd6 Rf8 36. Qc6 Rf6 37. Qe8+ Rf8 38. Qe4 Bxb2 39. Re1 Bd4
40. Re2 b5 41. Qe8 Bxf2+ 42. Kh1 Qa1+ 43. Re1 Qxe1+ 44. Qxe1 Bxe1 0-1

[Event "Open Primavera"]
[Site "Provaglio d'Iseo ITA"]
[Date "2013.03.08"]
[Round "1"]
[White "Massetti, Euro"]
[Black "Vagliati, Massimo"]
[WhiteElo "1919"]
[BlackElo "1702"]
[Result "1-0"]
[PlyCount "59"]
[EventDate "2013.03.08"]

1. e4 c5 2. Nf3 Nc6 3. Bc4 e6 4. d4 cxd4 5. Nxd4 Nf6 6. Nc3 a6 7. a3 Qc7 8. O-O
Nxd4 9. Qxd4 Bc5 10. Qd3 b5 11. Bb3 Bb7 12. h3 O-O 13. Bg5 Nh5 14. Qf3 g6 15.
Kh1 Qe5 16. Bh6 Rfe8 17. Rfe1 Rac8 18. Rad1 Red8 19. Rd3 d5 20. Red1 d4 21.
R1d2 Bb6 22. Qd1 Qf6 23. Qg4 dxc3 24. Bg5 Qe5 25. Bxd8 cxd2 26. Bxb6 Nf6 27.
Qe2 Qxe4 28. Qxe4 Nxe4 29. c3 d1=Q+ 30. Bxd1 1-0

[Event "Open Primavera"]
[Site "Provaglio d'Iseo ITA"]
[Date "2013.03.08"]
[Round "1"]
[White "Panada, Valter"]
[Black "Lanfranchi, Francesco"]
[WhiteElo "1850"]
[BlackElo "1515"]
[Result "1-0"]
[PlyCount "144"]
[EventDate "2013.03.08"]

1. e4 e5 2. Nf3 Nc6 3. Bc4 Nf6 4. Ng5 d5 5. exd5 Nxd5 6. Nxf7 Kxf7 7. Qf3+ Qf6
8. Bxd5+ Ke7 9. Bxc6 bxc6 10. Qg3 Ba6 11. Qa3+ c5 12. d3 Kf7 13. Qb3+ Qe6 14.
O-O c4 15. dxc4 Qxc4 16. Qxc4+ Bxc4 17. Re1 Bd6 18. Nd2 Ba6 19. Ne4 h6 20. Bd2
Rab8 21. Bc3 Rhf8 22. Rad1 Rb6 23. Nxd6+ cxd6 24. Rd2 Ke6 25. g3 g5 26. Re4 Bb7
27. Rb4 d5 28. Rxb6+ axb6 29. Bb4 Rc8 30. f3 d4 31. Kf2 Rc7 32. c3 dxc3 33.
Rd6+ Kf7 34. Bxc3 Kg8 35. Rxh6 Rf7 36. Bxe5 Rxf3+ 37. Ke2 Rf5 38. Bc3 Bd5 39.
Rxb6 Bxa2 40. Ke3 Kf7 41. Ra6 Bb3 42. Ra5 Kg6 43. Ra7 Kh5 44. h3 Rf7 45. Rxf7
Bxf7 46. Kf2 Bb3 47. Bd4 Kg6 48. g4 Kh7 49. Kg3 Kg6 50. Bb6 Kh7 51. Bd8 Kg6 52.
Kf2 Bd5 53. b4 Bc6 54. Kg3 Kh6 55. h4 gxh4+ 56. Bxh4 Kg6 57. Kf4 Bd7 58. Bd8
Kh6 59. g5+ Kg6 60. Ke5 Be8 61. Kd5 Ba4 62. Kc5 Be8 63. b5 Bxb5 64. Kxb5 Kf7
65. Kc5 Kg6 66. Kd6 Kh7 67. Kd7 Kg8 68. Ke6 Kg7 69. Kf5 Kh7 70. Ba5 Kg7 71.
Bc3+ Kh7 72. Bb2 Kg8 1-0